| 000 | 00631nam a2200193Ia 4500 | ||
|---|---|---|---|
| 003 | GCL | ||
| 008 | 140319s9999 xx 000 0 ara d | ||
| 040 |
_aGCL / _cGCL |
||
| 082 | 0 | 4 |
_a746.44 _bل ت |
| 100 | 1 | _aليلى عبدالعزيز العبد الكريم | |
| 245 | 1 | 0 |
_aالتطريز فن الرسم بالابرة والخيط / _cليلى عبدالعزيز العبد الكريم |
| 250 | _aالاولى | ||
| 260 |
_aبيروت : _bمكتبة الفلاح ، _c2003 |
||
| 300 |
_a246 ص ؛ _c24 سم |
||
| 650 | 0 | 4 | _aشغل الابرة |
| 650 | 0 | 4 | _aالتطريز |
| 650 | 0 | 4 | _aالحياكة |
| 942 |
_2ddc _cBK |
||
| 999 |
_c5981 _d5981 |
||